Statistics for I Was Raised by Television Volume 2: The Eighties

Click here to take the quiz!

General Stats

  • This quiz has been taken 160 times
    (142 since last reset)
  • The average score is 11 of 18

Answer Stats

Hint Answer % Correct
Cliff, Norm, Diane, Sam, Coach, CarlaCheers
95%
Rose, Dorothy, Blanche, SophiaThe Golden Girls
93%
Michael, K.I.T.T., DevonKnight Rider
92%
Heathcliff, Theo, Vanessa, Rudy,The Cosby Show
90%
Willie, Kate, Lynn, ALFALF
85%
B.A., Face, Hannibal, MurdockThe A Team
80%
Arnold, Willis, Kimberly, DudleyDiff'rent Strokes
80%
Tubbs, Crockett, Gina, SwitekMiami Vice
75%
Blair, Jo, Edna, Tootie, NatalieThe Facts of Life
73%
Blake, Krystle, Sammy Jo, AlexisDynasty
57%
Bo, Luke, Daisy, Rosco, CooterThe Dukes of Hazzard
54%
Bob, Larry, the brother Darrell, the other brother DarrellNewhart
49%
Denise, Whitley, Dwayne, and Coach WalterA Different World
47%
Venus, Johnny, Herb, Andy, LessWKRP
46%
Rick Hunter, Dee Dee McCall, Sporty JamesHunter
34%
Nell, Sam, Julie, CarlGimme a Break!
24%
Pearl, Mary, Lester, Sandra227
16%
Cody, Nick, and BozRiptide
5%

Score Distribution

Percentile by Number Answered

Percent of People with Each Score

Your Score History

You have not taken this quiz since the last reset